Sciences des aliments - Biochimie - Microbiologie - Procédes - Produits : (Record no. 54629)

MARC details
000 -LEADER
fixed length control field 00811nam a22002297a 4500
007 - PHYSICAL DESCRIPTION FIXED FIELD--GENERAL INFORMATION
fixed length control field 00
008 - FIXED-LENGTH DATA ELEMENTS--GENERAL INFORMATION
fixed length control field 160620b xxu||||| |||| 00| 0 eng d
020 ## - INTERNATIONAL STANDARD BOOK NUMBER
International Standard Book Number 2-7430-0888-1
040 ## - CATALOGING SOURCE
Original cataloging agency BUAC
Transcribing agency BUC
041 ## - LANGUAGE CODE
Language code of text/sound track or separate title Fre.
100 ## - MAIN ENTRY--PERSONAL NAME
Personal name Jeantet, Romain
245 ## - TITLE STATEMENT
Title Sciences des aliments - Biochimie - Microbiologie - Procédes - Produits :
Remainder of title Vol 2. Technologie des produits alimentaires
Statement of responsibility, etc / Romain Jeantet, Thomas Croguennec, Pierre Schuck, et. al.
260 ## - PUBLICATION, DISTRIBUTION, ETC. (IMPRINT)
Place of publication, distribution, etc Paris :
Name of publisher, distributor, etc Lavoisier,
Date of publication, distribution, etc 2007
300 ## - PHYSICAL DESCRIPTION
Extent 456 p.
Dimensions 24 cm.
500 ## - GENERAL NOTE
General note Compr. bibliogr. à la fin de chaque chapitre du vol. ; Index : pp. (453-456)
630 ## - SUBJECT ADDED ENTRY--UNIFORM TITLE
Uniform title Sciences Appliquées
650 ## - SUBJECT ADDED ENTRY--TOPICAL TERM
Topical term or geographic name as entry element Agroalimentaire : technique
700 ## - ADDED ENTRY--PERSONAL NAME
Personal name Croguennec, Thomas
700 ## - ADDED ENTRY--PERSONAL NAME
Numeration Schuck, Pierre
700 ## - ADDED ENTRY--PERSONAL NAME
Personal name Brulé, Gérard
942 ## - ADDED ENTRY ELEMENTS (KOHA)
Item type Livre
Holdings
Withdrawn status Lost status Damaged status Not for loan Location (home branch) Sublocation or collection (holding branch) Date acquired Source of acquisition Coded location qualifier Koha issues (times borrowed) Koha full call number Piece designation (barcode) Koha date last seen Copy number Price effective from Koha item type
        Bibliothèque Universitaire Centrale Bibliothèque Universitaire Centrale 11/06/2015 Don ARES 15/208   664.8/9 JEA 15-208BUC 20/06/2016 1 20/06/2016 Livre


© 2008, Bibliothèques de l'Université d'Abomey-Calavi

04 BP 789 Cotonou, Tél. : +229 21 36 01 01, Fax : +229 21 35 06 32

Courriel : bu@bu.uac.bj